[Event "Vladivostok Meridian op rap"]
[Site "Vladivostok"]
[Date "2014.07.18"]
[Round "3"]
[White "Leontiev, Sergey"]
[Black "Petko, Darya"]
[Result "1-0"]
[WhiteElo "2407"]
[BlackElo "1830"]
[PlyCount "49"]
[EventDate "2014.07.18"]
[EventType "swiss (rapid)"]
[EventRounds "11"]
[EventCountry "RUS"]
[SourceTitle "CBM 161 Extra"]
[Source "ChessBase"]
[SourceDate "2014.08.29"]
[SourceVersion "1"]
[SourceVersionDate "2014.08.29"]
[SourceQuality "1"]

1. e4 c6 2. d4 d5 3. e5 Bf5 4. Ne2 e6 5. Ng3 Bg6 6. h4 h5 7. Be2 Be7 8. Bxh5 Bxh5 9. Nxh5 g6 10. Nf4 Rxh4 11. Rxh4 Bxh4 12. Qg4 Nh6 13. Qh3 Nf5 14. c3 Na6 15. g4 Ng7 16. Ng2 g5 17. Nd2 c5 18. Nf3 cxd4 19. cxd4 Nb4 20. Kf1 Nc2 21. Rb1 Qb6 22. Bxg5 Bxg5 23. Qh8+ Ke7 24. Qxg7 Qa6+ 25. Kg1 1-0